Normal view
MARC view
- Daalder, Hans.
Entry Personal Name
001 - CONTROL NUMBER
- control field: 7943
003 - CONTROL NUMBER IDENTIFIER
- control field: OSt
005 - DATE AND TIME OF LATEST TRANSACTION
- control field: 20170525090109.0
008 - FIXED-LENGTH DATA ELEMENTS
- fixed length control field: 170525|| aca||aabn | a|a d
040 ## - CATALOGING SOURCE
- Original cataloging agency: OSt
- Transcribing agency: OSt
100 ## - HEADING--PERSONAL NAME
- Personal name: Daalder, Hans.
670 ## - SOURCE DATA FOUND
- Source citation: Work cat.: (OSt): Daalder, Hans., Cabinet reform in Britain 1914-1963., 1963.

PORTAL AKMAL
E-MEL JKDM
AKMAL2U
G-BAM
u-PUSTAKA